Statistics for Geographical Places in Lyrics

Click here to take the quiz!

General Stats

  • This quiz has been taken 37 times
    (20 since last reset)
  • The average score is 9 of 16

Answer Stats

Singer/GroupLyricGeographical Place% Correct
The EaglesWelcome to the Hotel ... Such a lovely place (such a lovely place) Such a lovely face.California
89%
Lynyrd SkynyrdSweet home ... Where the skies are so blue, Sweet home ... Lord, I'm coming home to youAlabama
83%
The Beach BoysI wish they all could be ... girlsCalifornia
83%
Elvis PresleyViva ...with your neon flashin' And your one armbandits crashin'Las Vegas
83%
Gladys Knight and the PipsHe's leavin' (leavin') On that midnight train to ...Georgia
72%
Alicia Keys/ Jay Z..., concrete jungle where dreams are made of, There's nothing you can't doNew York
72%
Frank SinatraStart spreading the news, I am leaving today, I want to be a part of it...New York
72%
ABBA... I was defeated, you won the war, ... promise to love you for ever moreWaterloo
56%
Lenny Kravitz...woman, stay away from me, ...woman, mama let me beAmerica
50%
Camila Cabello..., ooh na-na (ay) Half of my heart is in ..., ooh-na-na (ay, ay)Havana
50%
David BowieAnd when I get excited My little ... Girl says Oh baby, Just you shut your mouthChina
39%
The Beach BoysIf everybody had an ocean, Across the ... Then everybody'd be surfin'USA
39%
Bruce SpringsteenOh brother are you gonna leave me wastin' away On the streets of ...Philadelphia
33%
The BeatlesBack in the ... Well the ... girls really knock me outUSSR/Ukraine
33%
James TaylorIn my mind I'm gone to... Can't you see the sunshine?Carolina
17%
James TaylorOh, ... It sounds so simple, I just got to goMexico
11%

Score Distribution

Percentile by Number Answered

Percent of People with Each Score

Your Score History

You have not taken this quiz since the last reset